| 000 | 01959cam a2200421 a 4500 | ||
|---|---|---|---|
| 001 | 15040233 | ||
| 003 | ARRUPE | ||
| 005 | 20150324020007.0 | ||
| 008 | 071011s2007 dcua b 001 0 eng | ||
| 010 | _a 2007041753 | ||
| 020 | _a9780881324075 (case bound : alk. paper) | ||
| 020 | _a0881324078 (case bound : alk. paper) | ||
| 020 | _a9780881324082 (case bound with cdrom : alk. paper) | ||
| 020 | _a0881324086 (case bound with cdrom : alk. paper) | ||
| 020 | _a9780881324129 (pbk. : alk. paper) | ||
| 020 | _a0881324124 (pbk. : alk. paper) | ||
| 020 | _a9780881322682 (paper with cdrom : alk. paper) | ||
| 020 | _a0881322687 (paper with cdrom : alk. paper) | ||
| 035 | _a(OCoLC)ocn175217782 | ||
| 035 |
_a(OCoLC)175217782 _z(OCoLC)153582463 _z(OCoLC)153582563 |
||
| 040 |
_aDLC _cDLC _dBTCTA _dBAKER _dYDXCP _dC#P _dDLC |
||
| 050 | 0 | 0 |
_aHF1413.5 _b.H84 2007 |
| 082 | 0 | 0 |
_a327.1/17 _222 |
| 245 | 0 | 0 |
_aEconomic sanctions reconsidered / _cGary Clyde Hufbauer ... [et al.]. |
| 250 | _a3rd ed., Expanded ed. | ||
| 260 |
_aWashington, DC : _bPeterson Institute for International Economics, _c2007. |
||
| 300 |
_axiii, 233 p. : _bill. ; _c24 cm. |
||
| 500 | _aPrev. ed. was entered under the authors name: Hufbauer, Gary Clyde. | ||
| 504 | _aIncludes bibliographical references (p. 215-222) and index. | ||
| 505 | 0 | _aAnalyzing the utility of sanctions -- Political variables -- Economic variables -- Sanctions after the Cold War -- Conclusions and policy recommendations. | |
| 650 | 0 |
_aEconomic sanctions. _912239 |
|
| 650 | 0 |
_aEconomic sanctions _vCase studies. _912240 |
|
| 700 | 1 |
_aHufbauer, Gary Clyde. _912241 |
|
| 856 | 4 | 1 |
_3Table of contents only _uhttp://www.loc.gov/catdir/toc/ecip082/2007041753.html |
| 906 |
_a7 _bcbc _corignew _d1 _eecip _f20 _gy-gencatlg |
||
| 942 |
_2lcc _cMONOGRAPH _011 |
||
| 999 |
_c121137 _d121137 |
||